Statistiken für Alle FC Bayern Spieler, die unter Niko Kovač spielten

Klicken Sie hier um das Quiz zu spielen!

Allgemein

  • Dieses Quiz wurde 200 mal gespielt
  • Das Durchschnittsergebnis liegt bei 20 aus 29

Antwortstatistiken

EinsätzeNationalitätSpieler% Korrekt
63PolenRobert Lewandowski
100%
60DeutschlandThomas Müller
98%
54DeutschlandManuel Neuer
96%
64DeutschlandJoshua Kimmich
94%
52ÖsterreichDavid Alaba
93%
48DeutschlandLeon Goretzka
92%
14KanadaAlphonso Davies
89%
56SpanienThiago
88%
44FrankreichKingsley Coman
86%
56DeutschlandSerge Gnabry
84%
28KolumbienJames Rodríguez
81%
38DeutschlandJérôme Boateng
81%
38FrankreichFranck Ribéry
80%
19NiederlandeArjen Robben
79%
41SpanienJavi Martínez
79%
33DeutschlandMats Hummels
76%
12DeutschlandSven Ulreich
71%
54DeutschlandNiklas Süle
69%
16FrankreichBenjamin Pavard
68%
16FrankreichCorentin Tolisso
62%
9KroatienIvan Perišić
61%
9FrankreichLucas Hernández
61%
26BrasilienRafinha
58%
13BrasilienPhilippe Coutinho
57%
27PortugalRenato Sanches
57%
2FrankreichMichaël Cuisance
27%
12DeutschlandSandro Wagner
22%
2SüdkoreaWoo-yeong Jeong
21%
2DeutschlandMeritan Shabani
4%

Verteilung der Resultate

Perzentil nach korrekt beantworteten Fragen

Anzahl Personen mit jedem Resultat

Ihre Resultats-Entwicklung

Sie haben dieses Quiz noch nicht gespielt